| 000 | 00633nam a2200157 a 4500 | ||
|---|---|---|---|
| 008 | 130820s2001 ||||||||||||||||| || u | ||
| 020 | _a9780120425105 | ||
| 050 | _aQC 454.F7 Dav | ||
| 100 | _aDavis, Sumner P | ||
| 245 | 1 | 0 |
_aFourier transform spectrometry _cBy Sumner P. Davis, Mark C. Abrams and James W. Brault |
| 260 |
_aSan Diego: _bAcademic Press _c2001 |
||
| 300 | _axiv, 262p.: ill. | ||
| 500 | _aincludes bibliography | ||
| 650 | _aFOURIER TRANSFORM SPECTROSCOPY | ||
| 995 |
_FCBU-MAIN LIBRARY (Kitwe) _M1 _UAVAILABLE _WSep 16, 2013 _ZMain Library Open Access Collection |
||
| 999 |
_c43935 _d43935 |
||